000 00308nam a2200121Ia 4500
008 220204s9999 xx 000 0 und d
082 _a57.085.23:635.054
_bDOD
245 0 _aTissue culture of trees
260 _aLondon
_bCroom Helm
_c1983
650 _aTissue culture
700 _aDODDS, John H
942 _cBK
999 _c38963
_d38963